[Event "ch-CHN w 2017"]
[Site "Xinghua CHN"]
[Date "2017.04.27"]
[Round "5.4"]
[White "Guo, Qi"]
[Black "Wang, Jue"]
[Result "0-1"]
[WhiteTitle "IM"]
[BlackTitle "WGM"]
[WhiteElo "2413"]
[BlackElo "2335"]
[WhiteFideId "8604002"]
[BlackFideId "8604070"]
[EventDate "2017.04.23"]

1. d4 d5 2. c4 c6 3. Nf3 Nf6 4. e3 Bg4 5. Nc3 e6 6. Qb3 Qc7 7. Nh4 Bh5 8. h3
Nbd7 9. g4 Bg6 10. Nxg6 hxg6 11. Bg2 Be7 12. Bd2 Nb6 13. cxd5 exd5 14. Rc1 Qd7
15. Ne2 Nc4 16. Bc3 Nd6 17. Kd1 Rc8 18. Be1 b5 19. Qc2 O-O 20. Nf4 Nde4 21. f3
Nd6 22. b3 Nb7 23. g5 Nh5 24. Nxh5 gxh5 25. h4 Rc7 26. Bh3 Qe8 27. Qd3 Ba3 28.
Rc2 a5 29. Ke2 c5 30. Bf2 g6 31. dxc5 Nxc5 32. Qd1 d4 33. Kf1 d3 34. Rc3 Qe5 35.
Rxd3 Nxd3 36. Qxd3 Rc3 37. Qd7 Rxe3 38. Bxe3 Qxe3 39. Kg2 Qe2+ 40. Kg3 Qe5+ 41.
f4 Qe3+ 42. Kg2 Qe2+ 43. Kg3 Bc5 44. Rf1 Qe3+ 45. Kg2 Re8 46. Kh2 b4 47. Bg2 Qe2
48. Kh1 Bb6 49. f5 Re4 50. Qc8+ Kg7 51. f6+ Kh7 52. Qh3 Re6 53. Bd5 Re3 54. Qg2
Qd3 55. Bf3 Bc7 56. Qf2 Qd6 57. Rd1 Qf4 58. Kg2 Rc3 59. Rd4 Qh2+ 60. Kf1 Qxf2+ 0-1

[Event "ch-CHN w 2017"]
[Site "Xinghua CHN"]
[Date "2017.04.27"]
[Round "5.5"]
[White "Gu, Tianlu"]
[Black "Zhai, Mo"]
[Result "0-1"]
[WhiteTitle "WIM"]
[BlackTitle "WGM"]
[WhiteElo "2212"]
[BlackElo "2303"]
[WhiteFideId "8603995"]
[BlackFideId "8600201"]
[EventDate "2017.04.23"]

1. e4 e5 2. Nf3 Nc6 3. Bb5 a6 4. Bxc6 dxc6 5. d4 exd4 6. Qxd4 Bg4 7. Be3 Nf6 8.
Qxd8+ Rxd8 9. Nbd2 Be7 10. Ne5 O-O 11. Nd3 Be6 12. f3 Rfe8 13. Nb3 b6 14. Nd4
Bd7 15. O-O-O c5 16. Ne2 Be6 17. Nc3 Nd7 18. Nf4 Bd6 19. Ncd5 Ne5 20. Nxe6 fxe6
21. Nc3 h6 22. Bf4 Kf7 23. Bxe5 Bxe5 24. Ne2 g5 25. g3 Kg6 26. f4 Bd4 27. Rd3
Bf6 28. Rxd8 Rxd8 29. Rf1 c4 30. g4 Bd4 31. Rf3 gxf4 32. Nxf4+ Kf6 33. c3 Bc5
34. Nd3+ Kg5 35. Ne5 Re8 36. h3 b5 37. Nf7+ Kg6 38. Ne5+ Kg5 39. Nf7+ Kg6 40. h4
Bd6 41. Kd2 Be7 42. Ne5+ Kg7 43. Ke2 Bf6 44. Nc6 Bxh4 45. Ne5 Bf6 46. Nc6 Bg5
47. Nd4 c5 48. Nc6 Bf6 49. Rf1 Rc8 50. Na5 Be7 51. Rd1 Rd8 52. Rxd8 Bxd8 53. Nc6
Bc7 54. a4 bxa4 55. e5 Kf7 56. Na7 Bxe5 57. Ke3 Bxc3 58. Nc8 Bxb2 59. Nd6+ Ke7
60. Nxc4 a3 0-1

[Event "ch-CHN w 2017"]
[Site "Xinghua CHN"]
[Date "2017.04.27"]
[Round "5.6"]
[White "Yuan, Ye"]
[Black "Lei, Tingjie"]
[Result "0-1"]
[BlackTitle "GM"]
[WhiteElo "2306"]
[BlackElo "2471"]
[WhiteFideId "8608415"]
[BlackFideId "8605114"]
[EventDate "2017.04.23"]

1. d4 Nf6 2. c4 e6 3. Nc3 Bb4 4. Qc2 d5 5. a3 Bxc3+ 6. Qxc3 Ne4 7. Qc2 c5 8.
dxc5 Na6 9. Nf3 Qa5+ 10. Bd2 Nxd2 11. Qxd2 Qxd2+ 12. Nxd2 dxc4 13. Nxc4 Nxc5 14.
b4 Na4 15. g3 Ke7 16. Bg2 Rd8 17. O-O Rb8 18. Na5 Nc3 19. Rfe1 Rd2 20. Kf1 Nb5
21. Rec1 Kf6 22. Ke1 Rd8 23. f4 Nd4 24. e3 b6 25. Nc6 Nxc6 26. Bxc6 e5 27. Rc3
Bg4 28. Rac1 Rd6 29. Bb5 Rbd8 30. Rc6 g5 31. Rxd6+ Rxd6 32. fxg5+ Kxg5 33. Rc7
Rd1+ 34. Kf2 Rd2+ 35. Ke1 Rd1+ 36. Kf2 Rd5 37. a4 Rd2+ 38. Kg1 Be6 39. Rxa7 Kg4
40. Bc6 Kh3 41. a5 bxa5 42. bxa5 Rxh2 43. Bd7 Bxd7 44. Rxd7 Ra2 45. Rxf7 Kxg3
46. Rg7+ Kf3 47. Rxh7 Ra1+ 48. Kh2 Rxa5 49. e4 Ra2+ 50. Kg1 Ra1+ 51. Kh2 Kxe4
52. Kg2 Ke3 53. Rh3+ Ke2 54. Rh4 Kd3 55. Rh3+ Kd2 56. Rh4 Ra8 57. Re4 Re8 58.
Kf3 Kd3 59. Re3+ Kd4 60. Re4+ Kd5 61. Ra4 Rb8 62. Ke3 Rb3+ 63. Ke2 Ke6 64. Ra6+
Kf5 65. Ra5 Kf4 66. Ra4+ e4 67. Ra8 Rb2+ 68. Ke1 Kf3 69. Re8 Ra2 70. Re7 Ke3 71.
Kd1 Rd2+ 72. Ke1 Re2+ 73. Kd1 Rh2 74. Re8 Rh1+ 75. Kc2 Re1 76. Rf8 Ke2 77. Rh8
Rf1 78. Rh7 e3 79. Re7 Kf2 80. Rf7+ Ke1 81. Re7 e2 82. Kd3 Rf3+ 83. Kc2 Kf1 84.
Kd2 Rf2 0-1

[Event "ch-CHN w 2017"]
[Site "Xinghua CHN"]
[Date "2017.04.28"]
[Round "6.1"]
[White "Zhu, Jiner"]
[Black "Lei, Tingjie"]
[Result "0-1"]
[BlackTitle "GM"]
[WhiteElo "2154"]
[BlackElo "2471"]
[WhiteFideId "8608059"]
[BlackFideId "8605114"]
[EventDate "2017.04.23"]

1. e4 e6 2. d4 d5 3. Nc3 Bb4 4. e5 c5 5. a3 Bxc3+ 6. bxc3 Qc7 7. Bd2 Nc6 8. Qg4
f6 9. Nf3 c4 10. Qg3 Qf7 11. Be2 Bd7 12. O-O O-O-O 13. Nh4 Nge7 14. f4 f5 15. a4
Na5 16. Bc1 b6 17. Ba3 Nec6 18. Qf3 Rdg8 19. Qe3 Qe8 20. Bf3 g6 21. h3 Nd8 22.
Bb4 Ndb7 23. g4 Bxa4 24. Qc1 Bd7 25. gxf5 gxf5+ 26. Kh2 Qd8 27. Ng2 Rg7 28. Qe1
Rhg8 29. h4 Nc6 30. Ba3 Be8 31. Ne3 Kb8 32. h5 a5 33. Rb1 Ka7 34. Qf2 Ka6 35.
Be2 b5 36. Rfd1 Bf7 37. Rb2 Qe8 38. Qh4 Rg3 39. Qxg3 Rxg3 40. Kxg3 Bxh5 41. Bxh5
Qxh5 42. Rbb1 Qe2 43. Re1 Qh5 44. Rh1 Qf7 45. Kf2 b4 46. cxb4 Nxd4 47. bxa5 Nb5
48. Bb4 Nd8 49. c3 Qa7 50. Kf3 d4 51. Nxc4 dxc3 52. Nd6 c2 53. Rbe1 Nd4+ 54. Kg3
Qg7+ 55. Kf2 Qg4 56. Ke3 N8c6 57. Bc5 c1=Q+ 0-1

[Event "ch-CHN w 2017"]
[Site "Xinghua CHN"]
[Date "2017.04.28"]
[Round "6.2"]
[White "Zhai, Mo"]
[Black "Yuan, Ye"]
[Result "0-1"]
[WhiteTitle "WGM"]
[WhiteElo "2303"]
[BlackElo "2306"]
[WhiteFideId "8600201"]
[BlackFideId "8608415"]
[EventDate "2017.04.23"]

1. d4 d5 2. c4 e6 3. Nc3 c6 4. e3 Nf6 5. Nf3 Nbd7 6. Bd3 dxc4 7. Bxc4 b5 8. Bd3
Bb7 9. O-O a6 10. b3 c5 11. Bb2 cxd4 12. Nxd4 Be7 13. Be2 b4 14. Na4 O-O 15. Bf3
Ne4 16. Qe2 Qa5 17. Rad1 Ndf6 18. g3 Bd5 19. Bg2 Rac8 20. Rc1 Nc3 21. Bxc3 bxc3
22. Rfd1 Bxg2 23. Kxg2 Rc7 24. Nc2 Rfc8 25. Rd3 g5 26. Rcd1 g4 27. e4 Qe5 28.
Rd4 Rc6 29. Qe3 h5 30. Qf4 Qb5 31. R4d3 Qa5 32. h4 gxh3+ 33. Kxh3 Ng4 34. Rd7
R6c7 35. Kg2 Ne5 36. Rxc7 Rxc7 37. Qe3 Ng4 38. Qd4 Bf6 39. Qd6 Rc8 40. Qb6 Qe5
41. f3 h4 42. Qd6 h3+ 43. Kg1 h2+ 44. Kg2 h1=Q+ 0-1

[Event "ch-CHN w 2017"]
[Site "Xinghua CHN"]
[Date "2017.04.28"]
[Round "6.3"]
[White "Wang, Jue"]
[Black "Gu, Tianlu"]
[Result "1/2-1/2"]
[WhiteTitle "WGM"]
[BlackTitle "WIM"]
[WhiteElo "2335"]
[BlackElo "2212"]
[WhiteFideId "8604070"]
[BlackFideId "8603995"]
[EventDate "2017.04.23"]

1. e4 e5 2. Nf3 Nc6 3. Bb5 Nf6 4. d3 d6 5. O-O Be7 6. c3 O-O 7. Nbd2 a6 8. Ba4
Re8 9. Re1 Bf8 10. h3 h6 11. Bc2 d5 12. a4 a5 13. exd5 Nxd5 14. Nc4 Bd6 15. Bb3
Nf6 16. Nfd2 Bf8 17. Qe2 Be6 18. Nf3 Bd5 19. Nfd2 Be6 20. Rd1 Qd7 21. Nf3 Rad8
22. Be3 Qc8 23. Rac1 Nd5 24. Bd2 Nf6 25. Re1 Bd5 26. Red1 g6 27. Be3 Bg7 28. d4
Bxf3 29. Qxf3 e4 30. Qe2 Nd5 31. Na3 Kh7 32. Nb5 Nce7 33. c4 Nb4 34. Bf4 Nd3 35.
Rxd3 exd3 36. Qxd3 Nf5 37. d5 c6 38. Nc3 Nd4 39. Ba2 Qf5 40. Qd2 c5 41. Bc7 Rd7
42. Bf4 Rde7 43. Be3 b6 44. Bb1 Qd7 45. Rd1 f5 46. Nb5 Nxb5 47. axb5 Rf7 48. h4
Qe7 49. g3 Qf6 50. b3 Qc3 51. Bxh6 Qxb3 52. Bxg7 Kxg7 53. d6 Qf3 54. d7 Rd8 55.
Qb2+ Kh7 56. Rd3 Qb7 57. h5 Rfxd7 58. hxg6+ Kxg6 59. Qe2 Rxd3 60. Bxd3 Kf6 61.
Qb2+ Rd4 62. Qd2 Qg7 63. Qe3 Qf7 64. Qh6+ Qg6 65. Qf8+ Qf7 66. Qh6+ Qg6 67. Qf8+
Qf7 68. Qh6+ Ke7 69. Bf1 1/2-1/2

[Event "ch-CHN w 2017"]
[Site "Xinghua CHN"]
[Date "2017.04.28"]
[Round "6.4"]
[White "Zhu, Ying"]
[Black "Guo, Qi"]
[Result "0-1"]
[BlackTitle "IM"]
[WhiteElo "2107"]
[BlackElo "2413"]
[WhiteFideId "8604770"]
[BlackFideId "8604002"]
[EventDate "2017.04.23"]

1. d4 d5 2. Bf4 c5 3. e3 Nc6 4. c3 Nf6 5. Nf3 Qb6 6. Qb3 c4 7. Qxb6 axb6 8. Na3
Bf5 9. Nh4 Bd7 10. Nb5 Ra5 11. a4 Na7 12. Nc7+ Kd8 13. Na8 Ra6 14. b3 g5 15.
Bc7+ Kc8 16. Nf3 Nc6 17. bxc4 Rxa8 18. Bxb6 Rg8 19. a5 e6 20. c5 g4 21. Nd2 Nb8
22. Bd3 Be7 23. O-O Bc6 24. Rfb1 Kd7 25. c4 h5 26. Rb2 Rc8 27. cxd5 Nxd5 28. Nc4
Ke8 29. f3 Nd7 30. Rbb1 gxf3 31. gxf3 N5xb6 32. axb6 Rxa1 33. Rxa1 Bxf3 34. Kf2
Bd5 35. Ra7 Kf8 36. Na5 Nxc5 37. dxc5 Bxc5 38. Nxb7 Bxb6 39. Nd6 Bxa7 40. Nxc8
Bc5 41. Bb5 Kg7 42. Ke2 f5 43. Kd3 Kf6 44. h4 e5 45. Be8 Be6 46. Bxh5 Bxc8 47.
Be8 Ba6+ 48. Kd2 e4 49. Bd7 f4 0-1

[Event "ch-CHN w 2017"]
[Site "Xinghua CHN"]
[Date "2017.04.28"]
[Round "6.5"]
[White "Ren, Xiaoyi"]
[Black "Zhang, Lanlin"]
[Result "1-0"]
[WhiteElo "2262"]
[BlackElo "2080"]
[WhiteFideId "8608709"]
[BlackFideId "8608032"]
[EventDate "2017.04.23"]

1. d4 d5 2. c4 c6 3. cxd5 cxd5 4. Nf3 Nf6 5. Bf4 Nc6 6. Nc3 Bf5 7. Qb3 Na5 8.
Qa4+ Bd7 9. Qc2 e6 10. e3 Rc8 11. Bd3 Bb4 12. Ne5 Nc4 13. Bxc4 dxc4 14. O-O O-O
15. Rfd1 Bc6 16. Bg5 Bxc3 17. Nxc6 Rxc6 18. bxc3 h6 19. Bh4 g5 20. Bg3 h5 21.
Rab1 b6 22. Rb5 Nh7 23. d5 exd5 24. Rbxd5 Qf6 25. h4 gxh4 26. Rxh5 Qg6 27. Qxg6+
fxg6 28. Rxh4 Nf6 29. Be5 b5 30. Rhd4 a5 31. Rd6 Rxd6 32. Rxd6 Ne4 33. Rxg6+ Kf7
34. Rc6 Rd8 35. Bd4 Nd2 36. Rb6 Rd5 37. f3 Ke7 38. Kf2 Kd7 39. e4 Rxd4 40. cxd4
b4 41. Rb5 Nb3 42. Ke3 Kc6 43. Rxb4 axb4 44. axb3 Kb5 45. Kd2 1-0

[Event "ch-CHN w 2017"]
[Site "Xinghua CHN"]
[Date "2017.04.30"]
[Round "7.1"]
[White "Tan, Zhongyi"]
[Black "Zhu, Jiner"]
[Result "1-0"]
[WhiteTitle "WGM"]
[WhiteElo "2508"]
[BlackElo "2154"]
[WhiteFideId "8603642"]
[BlackFideId "8608059"]
[EventDate "2017.04.23"]

1. d4 f5 2. c4 Nf6 3. g3 e6 4. Bg2 c6 5. Nf3 d5 6. Bf4 Be7 7. O-O O-O 8. Qc2 Nh5
9. Bc1 Bd6 10. b3 Qe7 11. Bb2 b6 12. Nbd2 Bb7 13. Ne5 Nf6 14. Rac1 a5 15. Nd3
Nbd7 16. Nf3 c5 17. Nfe5 Rac8 18. Nxd7 Nxd7 19. e3 Nf6 20. dxc5 bxc5 21. Bxf6
Qxf6 22. Rfd1 Rfd8 23. Nb2 Bf8 24. Na4 Qe5 25. cxd5 Bxd5 26. Nb6 Rb8 27. Nxd5
exd5 28. Rxd5 Rxd5 29. Qc4 Rd8 30. Rd1 Kh8 31. Rxd5 Rxd5 32. Bxd5 g6 33. Bf3 Kg7
34. Qa6 Qc7 35. Bd5 Bd6 36. Qb5 Kh6 37. Kf1 Be5 38. Ke2 Qd6 39. Qb7 Bg7 40. h3
Qe5 41. Kf3 Bf6 42. Qc6 Be7 43. Kg2 Kg7 44. Qa8 Kh6 45. Bc4 Qc7 46. g4 f4 47.
exf4 Qxf4 48. Qxa5 Bd6 49. Qc3 Qh2+ 50. Kf1 Qh1+ 51. Ke2 Bf4 52. Qf3 Qc1 53. h4
Qd2+ 54. Kf1 g5 55. hxg5+ Kxg5 56. Bd3 h6 57. Qd5+ Kf6 58. Qf5+ Kg7 59. Bc4 1-0

[Event "ch-CHN w 2017"]
[Site "Xinghua CHN"]
[Date "2017.04.30"]
[Round "7.2"]
[White "Zhang, Lanlin"]
[Black "Xiao, Yiyi"]
[Result "1/2-1/2"]
[BlackTitle "WFM"]
[WhiteElo "2080"]
[BlackElo "2290"]
[WhiteFideId "8608032"]
[BlackFideId "8606161"]
[EventDate "2017.04.23"]

1. e4 e5 2. Nf3 Nc6 3. Bc4 Nf6 4. O-O Nxe4 5. Bd5 Nf6 6. Bxc6 dxc6 7. Nxe5 Be7
8. d4 O-O 9. Bf4 c5 10. c3 cxd4 11. cxd4 c6 12. Nc3 Qb6 13. Nc4 Qb4 14. Qd3 Be6
15. Ne3 Rad8 16. Nc2 Qc4 17. Qxc4 Bxc4 18. Rfe1 Rfe8 19. Rad1 Nd5 20. Nxd5 Bxd5
21. b3 f6 22. f3 a5 23. Kf2 Bf7 24. Ne3 Bb4 25. Re2 Rd7 26. Nc2 Rxe2+ 27. Kxe2
Bc3 28. Bd2 Bxd2 29. Rxd2 Kf8 30. Ne3 Rd8 31. f4 Ke7 32. Kd3 g6 33. Nc4 a4 34.
bxa4 Ra8 35. Rb2 Rxa4 36. Rxb7+ Kf8 37. Rb8+ Kg7 38. Rb7 Kf8 39. Rb8+ Ke7 40.
Rb7+ Kf8 41. Rb8+ Kg7 42. Rb7 Kf8 43. Rb8+ Kg7 44. Rb7 1/2-1/2

[Event "ch-CHN w 2017"]
[Site "Xinghua CHN"]
[Date "2017.04.30"]
[Round "7.3"]
[White "Guo, Qi"]
[Black "Ren, Xiaoyi"]
[Result "1/2-1/2"]
[WhiteTitle "IM"]
[WhiteElo "2413"]
[BlackElo "2262"]
[WhiteFideId "8604002"]
[BlackFideId "8608709"]
[EventDate "2017.04.23"]

1. d4 d5 2. c4 c5 3. Nf3 cxd4 4. cxd5 Qxd5 5. Nc3 Qa5 6. Nxd4 Nf6 7. Nb3 Qh5 8.
Qd3 Bd7 9. e4 e6 10. Be2 Qg6 11. O-O Bc6 12. f3 Na6 13. Be3 Be7 14. Na5 Nb4 15.
Qb1 b6 16. Nxc6 Nxc6 17. f4 Bc5 18. Bxc5 bxc5 19. Bb5 Rc8 20. e5 Qxb1 21. Raxb1
Nd7 22. Rbd1 Ke7 23. Ne4 Rhd8 24. Nd6 Rc7 25. Bxc6 Rxc6 26. Rf3 Nb6 27. Ra3 Rc7
28. Rc1 Nc8 29. Nb5 Rb7 30. Rxc5 Rd1+ 31. Kf2 Rd2+ 32. Kf3 Rxb2 33. Rxc8 R2xb5
34. Ra8 f6 35. exf6+ Kxf6 36. R3xa7 Rxa7 37. Rxa7 h5 38. Ra4 Rb2 39. Ra5 g6 40.
h3 h4 41. Ra8 Rc2 42. a4 Rc3+ 43. Ke4 Rc4+ 44. Ke3 Rc2 45. a5 Rxg2 46. a6 Kg7
47. Kd4 Rf2 48. Ke5 Rf3 49. a7 Ra3 50. Kxe6 Ra6+ 51. Ke5 Ra4 52. Kd5 Ra1 53. Kd4
Ra4+ 54. Ke3 Kh7 55. Kf3 Kg7 56. Ke2 Kh7 57. Ke3 Kg7 58. Kf3 Kh7 59. Kg4 Kg7 60.
Kg5 Kh7 61. Re8 Rxa7 62. Re6 Ra5+ 63. Re5 Ra7 64. Kxh4 Kh6 65. Re6 Ra5 66. Kg4
Rb5 67. h4 Ra5 68. Kf3 Rh5 69. Kg4 Ra5 70. Re5 Ra1 71. Re8 Ra5 72. Kf3 Ra1 73.
Rg8 Kh7 74. Rc8 Rh1 75. Rc7+ Kh6 76. Rc6 Kg7 77. Kg3 Rg1+ 78. Kf3 Rf1+ 79. Kg3
Rg1+ 80. Kf3 1/2-1/2

[Event "ch-CHN w 2017"]
[Site "Xinghua CHN"]
[Date "2017.04.30"]
[Round "7.4"]
[White "Gu, Tianlu"]
[Black "Zhu, Ying"]
[Result "1/2-1/2"]
[WhiteTitle "WIM"]
[WhiteElo "2212"]
[BlackElo "2107"]
[WhiteFideId "8603995"]
[BlackFideId "8604770"]
[EventDate "2017.04.23"]

1. e4 e5 2. Nf3 Nc6 3. Bc4 Bc5 4. d3 d6 5. c3 Nf6 6. O-O O-O 7. a4 a5 8. Bg5 h6
9. Bh4 Bg4 10. Nbd2 g5 11. Bg3 Nh5 12. Qb3 Nxg3 13. hxg3 Bb6 14. Bd5 Ne7 15. Nc4
Nxd5 16. exd5 Ra6 17. Qc2 f5 18. Nfd2 Ba7 19. d4 exd4 20. cxd4 Bxd4 21. Nb3 Bg7
22. Ne3 Qd7 23. Nxg4 fxg4 24. Rae1 Raa8 25. Re6 Rf7 26. Qe4 c6 27. Rd1 Raf8 28.
Rd2 cxd5 29. Qxd5 Qxa4 30. Rxd6 b5 31. Nc5 Qc4 32. Qxc4 bxc4 33. Ne6 c3 34. bxc3
Bxc3 35. R2d3 Bb4 36. Nxf8 Bxd6 37. Rxd6 Kxf8 38. Ra6 Rf5 39. Rxh6 Ke7 40. Ra6
Kd7 41. f3 Kc7 42. Kf2 Kb7 43. Rd6 gxf3 44. gxf3 a4 45. Rd3 Kc6 46. Ke3 Ra5 47.
Ra3 Kc5 48. f4 Kb4 49. Ra1 g4 50. Ke4 a3 51. f5 Kb3 52. f6 Kb2 53. Rf1 a2 54. f7
Ra8 55. Kf4 a1=Q 56. Rxa1 Kxa1 57. Kxg4 Rf8 58. Kh5 Rxf7 59. g4 Kb2 60. g5 Kc3
61. Kh6 Rf1 62. g6 Rh1+ 63. Kg7 Kd4 64. Kf8 Rf1+ 65. Ke7 Ke5 66. g7 Rg1 67. Kf7
Rf1+ 68. Ke7 Rg1 69. Kf7 Rxg7+ 70. Kxg7 Ke4 1/2-1/2

[Event "ch-CHN w 2017"]
[Site "Xinghua CHN"]
[Date "2017.04.30"]
[Round "7.5"]
[White "Yuan, Ye"]
[Black "Wang, Jue"]
[Result "0-1"]
[BlackTitle "WGM"]
[WhiteElo "2306"]
[BlackElo "2335"]
[WhiteFideId "8608415"]
[BlackFideId "8604070"]
[EventDate "2017.04.23"]

1. d4 d5 2. c4 c6 3. Nf3 Nf6 4. e3 Bg4 5. h3 Bh5 6. g4 Bg6 7. Ne5 e6 8. Nd2 Nfd7
9. Nxg6 hxg6 10. Bg2 Be7 11. O-O Nf6 12. Re1 Nbd7 13. e4 Nxe4 14. Nxe4 dxe4 15.
Rxe4 O-O 16. Re1 Nb6 17. Qd3 g5 18. Be3 Qc7 19. Rad1 Rad8 20. Qc3 Bf6 21. Qc1
Rd7 22. Rd3 Qd8 23. Red1 g6 24. Kh1 Kg7 25. f4 gxf4 26. Bxf4 Kg8 27. Be3 Bg7 28.
b3 Qe7 29. a4 Nc8 30. Bg5 Bf6 31. Be3 Rfd8 32. Qc2 Qf8 33. Qf2 Qg7 34. h4 Qh8
35. g5 Bg7 36. d5 Ne7 37. Bxa7 exd5 38. Bb6 Re8 39. Rh3 Nc8 40. Be3 d4 41. Bc1
Nd6 42. h5 gxh5 43. Bf3 Qh7 44. Rxh5 Qg6 45. Rh2 Rde7 46. Bf4 Ne4 47. Qg2 Qf5
48. Rh4 Nc3 49. Rf1 Re1 50. Bd2 Rxf1+ 51. Qxf1 Ne4 52. Bf4 d3 53. Kg2 Nxg5 54.
Bd1 Ne6 55. Qf3 Nd4 56. Qf2 Ne2 57. Be3 Qg6+ 58. Kh2 Be5+ 59. Kh3 Bg3 0-1

[Event "ch-CHN w 2017"]
[Site "Xinghua CHN"]
[Date "2017.05.01"]
[Round "8.1"]
[White "Zhu, Jiner"]
[Black "Zhai, Mo"]
[Result "0-1"]
[BlackTitle "WGM"]
[WhiteElo "2154"]
[BlackElo "2303"]
[WhiteFideId "8608059"]
[BlackFideId "8600201"]
[EventDate "2017.04.23"]

1. e4 e5 2. Nf3 Nc6 3. Bb5 a6 4. Ba4 Nf6 5. O-O Be7 6. Re1 b5 7. Bb3 d6 8. c3
O-O 9. h3 Bb7 10. d4 Re8 11. Nbd2 exd4 12. cxd4 Nd7 13. Nf1 Na5 14. Bc2 Bf6 15.
Bf4 g6 16. Rc1 Nf8 17. b3 Ne6 18. Bh6 c5 19. d5 Nd4 20. Ne3 Bc8 21. Ng4 Bxg4 22.
hxg4 Nxf3+ 23. Qxf3 c4 24. Bd2 Be5 25. Bc3 cxb3 26. axb3 Rc8 27. Bxe5 Rxe5 28.
Bb1 Re7 29. Rxc8 Qxc8 30. Qf6 Rd7 31. e5 Qd8 32. g5 dxe5 33. Rxe5 Rxd5 34. Rxd5
Qxd5 35. Qxa6 Qxb3 36. Be4 Nc4 37. Qa8+ Kg7 38. Qd5 Qb2 39. Bd3 Na3 40. Kh2 b4
41. f4 Qc3 42. f5 gxf5 43. Qxf5 Kf8 44. Qxh7 Qe5+ 45. Kh3 Qxg5 46. Qh8+ Ke7 47.
Qd4 Qh6+ 48. Kg4 Qe6+ 49. Kg5 f6+ 50. Kh6 Qd6 51. Qe4+ Kd7 52. Qb7+ Kd8 53. Qa8+
Kc7 54. Qa7+ Kc6 55. Qa6+ Kc5 56. Qa7+ Kd5 57. Qe3 Qe5 58. Qd2 Qg5+ 59. Qxg5+
fxg5 60. Kxg5 b3 61. Bh7 b2 62. Bg8+ Kd4 63. Ba2 Nb5 64. Bb1 Kc3 65. g4 Kd2 66.
Kh5 Kc1 67. g5 Kxb1 68. g6 Nd6 69. g7 Ne8 0-1

[Event "ch-CHN w 2017"]
[Site "Xinghua CHN"]
[Date "2017.05.01"]
[Round "8.2"]
[White "Wang, Jue"]
[Black "Lei, Tingjie"]
[Result "0-1"]
[WhiteTitle "WGM"]
[BlackTitle "GM"]
[WhiteElo "2335"]
[BlackElo "2471"]
[WhiteFideId "8604070"]
[BlackFideId "8605114"]
[EventDate "2017.04.23"]

1. e4 c6 2. d4 d5 3. e5 Bf5 4. Nd2 e6 5. Nb3 Nd7 6. Nf3 Ne7 7. Be2 h6 8. O-O Qc7
9. a4 g5 10. Bd2 a6 11. a5 Rc8 12. Rc1 Ng6 13. Ne1 Ne7 14. Bd3 Rg8 15. c4 dxc4
16. Rxc4 Rd8 17. Qe2 Qb8 18. Bxf5 Nxf5 19. g4 Ne7 20. Nd3 Nd5 21. f4 gxf4 22.
Nxf4 Nxf4 23. Bxf4 c5 24. d5 b5 25. Rc3 c4 26. Nd2 Bc5+ 27. Kh1 Qa8 28. Ne4 Qxd5
29. Qf3 Rxg4 30. h3 Rxf4 31. Qxf4 Nxe5 32. Kh2 Be7 33. Rg3 f5 34. Rg8+ Kd7 35.
Nc3 Qc6 36. Rg7 Nd3 37. Qe3 Qd6+ 38. Kg2 Kc8 39. Qf3 Kb8 40. Kh1 Rd7 41. Rg2 Bd8
42. Rg8 Ka7 43. Qe3+ Kb7 44. Qf3+ Qc6 45. Qxc6+ Kxc6 46. Rg6 Rd6 47. Rxh6 Bxa5
48. Nd1 Nc5 49. Rg6 Ne4 50. Nf2 c3 51. bxc3 Bxc3 52. Kg2 a5 53. h4 a4 54. Nd1
Bd4 55. Rg8 Kb7 56. h5 a3 57. h6 a2 58. Ne3 a1=Q 59. Rxa1 Bxa1 60. h7 Rd2+ 61.
Kf1 Rh2 62. Re8 Ng5 63. Re7+ Kc6 0-1

[Event "ch-CHN w 2017"]
[Site "Xinghua CHN"]
[Date "2017.05.01"]
[Round "8.4"]
[White "Ren, Xiaoyi"]
[Black "Gu, Tianlu"]
[Result "1/2-1/2"]
[BlackTitle "WIM"]
[WhiteElo "2262"]
[BlackElo "2212"]
[WhiteFideId "8608709"]
[BlackFideId "8603995"]
[EventDate "2017.04.23"]

1. d4 Nf6 2. c4 e6 3. g3 d5 4. Bg2 dxc4 5. Nf3 Nbd7 6. O-O Rb8 7. a4 b6 8. Qc2
Bb7 9. Qxc4 Be7 10. Nc3 O-O 11. a5 b5 12. Qb3 a6 13. Rd1 c5 14. dxc5 Nxc5 15.
Qc2 Qe8 16. Be3 Rc8 17. Bd4 b4 18. Ng5 g6 19. Bxc5 Rxc5 20. Bxb7 bxc3 21. Ne4
Rc7 22. Bxa6 Qc6 23. Qxc3 Nxe4 24. Qxc6 Rxc6 25. Bb7 Rc4 26. a6 Rb4 27. Bc6 Bc5
28. e3 Nf6 29. a7 Bxa7 30. Rxa7 Rxb2 1/2-1/2

[Event "ch-CHN w 2017"]
[Site "Xinghua CHN"]
[Date "2017.05.02"]
[Round "9.2"]
[White "Guo, Qi"]
[Black "Tan, Zhongyi"]
[Result "1/2-1/2"]
[WhiteTitle "IM"]
[BlackTitle "WGM"]
[WhiteElo "2413"]
[BlackElo "2508"]
[WhiteFideId "8604002"]
[BlackFideId "8603642"]
[EventDate "2017.04.23"]

1. d4 Nf6 2. Nf3 d5 3. c4 e6 4. Nc3 c5 5. cxd5 cxd4 6. Qxd4 exd5 7. e4 Nc6 8.
Bb5 dxe4 9. Qxd8+ Kxd8 10. Ng5 Be6 11. O-O Bb4 12. Ncxe4 Nxe4 13. Nxe4 Ke7 14.
Be3 Rhd8 15. Bxc6 bxc6 16. a3 Ba5 17. Nc5 Bd2 18. Nxe6 Kxe6 19. Bxd2 Rxd2 20.
Rfe1+ Kd6 21. Rad1 Rd5 22. Rc1 a5 23. Rc2 Rb8 24. g3 h5 25. h4 g6 26. Kg2 Rdb5
27. Rd2+ Rd5 28. Rc2 Rdb5 29. Rd2+ Rd5 30. Rc2 Rdb5 31. Rd2+ Rd5 1/2-1/2

[Event "ch-CHN w 2017"]
[Site "Xinghua CHN"]
[Date "2017.05.02"]
[Round "9.4"]
[White "Yuan, Ye"]
[Black "Ren, Xiaoyi"]
[Result "1/2-1/2"]
[WhiteElo "2306"]
[BlackElo "2262"]
[WhiteFideId "8608415"]
[BlackFideId "8608709"]
[EventDate "2017.04.23"]

1. d4 d5 2. c4 c5 3. e3 e6 4. Nf3 Nf6 5. Nc3 Nc6 6. a3 a6 7. dxc5 Bxc5 8. b4 Ba7
9. Bb2 O-O 10. Qc2 Qe7 11. Rd1 Rd8 12. Be2 dxc4 13. Rxd8+ Nxd8 14. Ne4 Nxe4 15.
Qxe4 Bd7 16. Bxc4 Rc8 17. Ne5 Be8 18. O-O Bb8 19. Bb3 f6 20. Nf3 Bf7 21. Nd4 Qc7
22. g3 e5 23. Rc1 Qd7 24. Rxc8 Qxc8 25. Nf5 Qc7 26. Bxf7+ Nxf7 27. Qd5 g6 28.
Nh6+ Kg7 29. Nxf7 Qxf7 30. Qe4 Qd7 31. Kg2 Qe7 32. Qd5 Qf7 33. Qe4 Qe7 34. Qd5
Qf7 35. Qe4 Qe7 36. Qd5 1/2-1/2

[Event "ch-CHN w 2017"]
[Site "Xinghua CHN"]
[Date "2017.05.02"]
[Round "9.6"]
[White "Zhai, Mo"]
[Black "Wang, Jue"]
[Result "0-1"]
[WhiteTitle "WGM"]
[BlackTitle "WGM"]
[WhiteElo "2303"]
[BlackElo "2335"]
[WhiteFideId "8600201"]
[BlackFideId "8604070"]
[EventDate "2017.04.23"]

1. d4 d5 2. c4 c6 3. cxd5 cxd5 4. Bf4 Nf6 5. e3 Nc6 6. Nc3 Bf5 7. Qb3 Na5 8.
Qa4+ Bd7 9. Qc2 e6 10. Bd3 Be7 11. Nf3 Nc6 12. a3 Nh5 13. Be5 f6 14. Bg3 f5 15.
Be5 O-O 16. h3 Nf6 17. g4 Ne4 18. gxf5 Nxc3 19. bxc3 exf5 20. Bf4 Rc8 21. Qb3
Be8 22. Qxb7 Bh5 23. Be2 Na5 24. Qb2 Nc4 25. Qb3 Bd6 26. Ne5 Bxe2 27. Kxe2 Rb8
28. Qd1 Rb2+ 29. Ke1 Bxe5 30. dxe5 Nd2 31. Qxd2 Rxd2 32. Kxd2 Qa5 33. Rhb1 Rc8
34. Rb3 Qc5 35. Rab1 a5 36. a4 Qc6 37. Ke2 Qc4+ 38. Kd2 h6 39. e6 d4 40. exd4
Qxe6 41. Be5 Qc4 42. Rb7 Qxc3+ 43. Ke2 Qc4+ 44. Kf3 Qd5+ 45. Kg3 g5 46. R1b6
Rc3+ 47. Kh2 Rxh3+ 48. Kxh3 Qf3+ 49. Bg3 Qh1+ 50. Bh2 g4+ 51. Kg3 Qf3+ 0-1